000 00508nam a2200181 a 4500
001 1772447158623
003 YourLibrary
005 20260302160218.0
008 260302s2001##################000#0#eng##
020 _a9780199247721
082 0 4 _a327.17405
_bSTO
100 1 _aInstitute, Stockholm International Peace Research,
_eauthor.
245 1 0 _aSIPRI Yearbook 2001 :
260 _bSIPRI Yearbook,
_c2001.
650 0 _aPolitical Science.
942 _cENGLISH
040 _aYourLibrary
_beng
_cYourLibrary
999 _c616549
_d616549